000 01807cam a2200277 a 4500
001 2558907
003 OSt
005 20230518134104.0
008 950523s1996 caua b 001 0 eng
010 _a 95004931
020 _a0534515460
040 _aDLC
_cLC
_dDLC
050 0 0 _aHD30.3.L86
082 0 0 _a658.4/036
100 1 _aLumsden, Gay.
_91487
245 1 0 _aCommunicating in groups and teams : sharing leadership. /
_cGay Lumsden, Donald Lumsden.
250 _a4th ed.
260 _aLondon:
_bThomson/Wadsworth Pub. Co.,
_c2004.
300 _axxiii, 408 p. :
_bill. ;
_c24 cm.
504 _aIncludes bibliographical references (p. 478-491) and indexes.
505 _aContents: Your roles in groups and teams: Your groups and teams: communicating for success -- Your teamwork responsibility: sharing leadership -- Sharing leadership to create teamwork: The work in teamwork: planning the process -- The team in teamwork: bringing individuals together -- Sharing leadership through task processes: Task questions and resources: launching your inquiry -- Logical and critical thinking: analyzing team information -- Innovative and creative thinking: generating new ideas -- Problem analysis and decision making: following clear systems -- Sharing leadership through transactional process: Verbal and nonverbal communication: building transactional processes -- Listening and questioning: developing team dialogue -- Meeting challenges to leaders and leadership: Teams and designated leaders: achieving team visions -- Team pressures and conflicts: meeting the challenges -- Team problems and participation: managing the obstacles --
650 0 _aCommunication in organizations.
_9686
650 0 _aTeams in the workplace.
_91488
700 _qLumsden, Donald
_91489
942 _2lcc
_cBK
999 _c9615
_d17115